Ends in "-ock" - Statistics

General Stats
  • This quiz has been taken 85 times
  • The average score is 18 of 25
Answer Stats
Hint Answer % Correct
A group of sheep, birds or parishioners Flock
100%
A garment worn between the foot and a shoe Sock
100%
A common timepiece Clock
96%
A sudden scare, or, a jolt of electricity Shock
95%
Where a fisherman might moor his boat Dock
93%
What stones are made of Rock
93%
A sound made by many common timepieces Tick-Tock
93%
To ridicule, or, describing an imitation Mock
92%
What you should always do before entering somebody's home or room Knock
85%
A male athlete or the garment that supports him Jock
82%
A common security device, or, part of a canal system Lock
82%
Capt. Kirk's first officer and longtime friend Spock
79%
The liquid base for many soups and stews, or, what a broker handles Stock
78%
A group of buildings surrounded by four roads, often found in cities Block
71%
A modern firearms manufacturer, based in Austria Glock
71%
The outermost layer of the Earth's crust, or, Where Fred and Wilma live Bedrock
67%
To pawn or sell, or, part of an animal's hind leg Hock
67%
A type of over-shirt that keeps your clothes clean while working Smock
62%
A party dress or a type of garment worn by some clergy Frock
60%
An earthenware container, or, a load of malarkey Crock
53%
A popular type of fish served in seafood restaurants Haddock
51%
An area where horses are exercised Paddock
45%
The notch in an arrow where the bowstring is seated Nock
37%
An antique firearm, as with muskets or dueling pistols Flintlock
19%
A digging tool, handy for trenching or ditching Mattock
7%
No matching quizzes found
Score Distribution
Percent of People with Each Score
Percentile by Number Answered
Your Score History
You have not taken this quiz